Нормален изглед
MARC изглед
- Петков, Добрин Христов
Вход 01. Лично име
001 - Контролен номер на записа
- Контролно поле: 372716
003 - Код на организацията, даваща контролен номер
- Контролно поле: BLK
005 - Дата и час на последна промяна на записа
- Контролно поле: 20240809162325.0
008 - Данни с фиксирана дължина – обща информация
- Данни с фиксирана дължина : 180422|| aca||aabn | a|a d
100 ## - ИМЕ НА ЛИЦЕ -ПЪРВИЧНА ИНТЕЛЕКТУАЛНА ОТГОВОРНОСТ
- Лично име: Петков, Добрин Христов
- Дати, свързани с автора: 1923 - 1987
- Друга информация: Диригент, композитор
942 ## - Системна служебна употреба
- Koha auth type: PERSO_NAME